| 000 | 00616nam a2200205 a 4500 | ||
|---|---|---|---|
| 003 | MX-MxUPN | ||
| 005 | 20220822091542.0 | ||
| 008 | 991125s1970 mx 000 0 spa u | ||
| 035 | _aUPN01000018910 | ||
| 040 |
_aMX-MxUPN _bspa _cMX-MxUPN |
||
| 049 | _aLT | ||
| 050 | 4 |
_aLB1683 M6 _bO7.4 1970 |
|
| 100 | 1 |
_aOrta Velázquez, Guillermo, _d1909-1984 _945880 |
|
| 245 | 1 | 0 |
_aElementos de cultura musical / _cGuillermo Orta Velázquez |
| 260 |
_aMéxico : _bTextos Universitarios, _c1970 |
||
| 300 | _a283 p. | ||
| 650 | 7 |
_aMúsica _xEstudio y enseñanza (Secundaria) _2 _92901 |
|
| 904 |
_aAC _b018911 |
||
| 905 | _aLibro | ||
| 999 |
_c18910 _d18910 |
||